Statistiques concernant Collab' Culture by PotiFlamby x WAzeeb #1

Cliquez ici pour prendre le quiz!

Statistiques générales

  • Ce quiz a été pris 27 fois
  • Le résultat moyen est 6 sur 20

Statistiques - réponses

HintRéponse% Correct
Quelle est la capitale du Luxembourg ?Luxembourg
100%
De quelle couleur est l'humour considéré comme déplacé ?Noir
100%
Dans la musique "Cette année-là" de Claude François, de quelle année parle-t-il ?1962
63%
En quel langage informatique est développé la version originale de Minecraft ?Java
63%
Dans quel pays se situe le cratère de Chicxulub ? Cratère résultant de la chute de l'astéroïde causant (en partie) l'extinction des dinosaures.Mexique
54%
Dans Five Night at Freddy's, à quel animal ressemble Bonnie ?Lapin
46%
Comment appelle-t-on en musique, une reprise interprétée différemment par un artiste ?Cover
38%
Sur Discord, comme est généralement surnommé un salon dans lequel le contenu n'est pas adapté aux personnes sensibles ?NSFW
38%
Dans quel jeu, Mario est apparu pour la première fois ?Donkey Kong
29%
Quel YouTuber français aujourd'hui disparu faisait des vidéos sur BattleField ?DiGiDiX
25%
Quand est le nom Saiyan de Goku dans Dragon Ball ?Kakarot
17%
Quel est le nom de la première vidéo mise en ligne sur YouTube ?Me at the zoo
17%
Qui est le créateur (le papa) de Mario ?Shigeru Miyamoto
13%
Au Basket, comment s'appelle le terme technique qui consiste à accompagner le ballon directement dans l'arceau à l'aide d'une main, ou deux ?Slam Dunk
13%
Quel est le nom de l'antagoniste principal dans Deadpool ?Ajax | Francis
4%
Dans Call of Duty, comment s'appelle les coffres qui donnent des armes aléatoires ?Boîte Mystère
4%
De quel signe astrologique Chinois, une personne née le 27 avril 2002 est-elle ?Cheval (d'eau)
4%
Dans Deadpool, comment s'appelle l'homme de métal russe ?Colossus
4%
Dans Resident Evil 1, à quelle équipe faites-vous partie ?Alpha
0%
Quel est le nom du personnage principal de Call of Duty : Black Ops II ?David Mason
0%

Distribution des résultats

Percentile par nombre de réponses

% des personnes avec chaque résultat

Votre développement - résultats

Vous n’avez pas pris ce quiz